| 000 | 01006cam a2200241 4500 | ||
|---|---|---|---|
| 001 | WB3923-06 | ||
| 008 | 030616n2003 000 0 eng u | ||
| 035 | _a(Sirsi) u122597 | ||
| 245 | _aLondon office supply to rise | ||
| 260 | _c2003 | ||
| 490 |
_aDrivers Jonas Press Release _v June 2003 (3) |
||
| 520 | _aOver 1.37 million sq m (14.7 million sq ft) of office space is currently under construction in Central London, according to Drivers Jonas' latest "Central London crane survey". Over 40% of all space under construction is still available to let. The figure is 34% in the West End but 68% in the City and Midtown. Register on the Drivers Jonas site to view the report http://www.driversjonas.co.uk/showpage.aspx?doc=6075 | ||
| 590 | _aWB | ||
| 650 | _aLONDON | ||
| 650 | _aOFFICE SPACE | ||
| 650 | _aOFFICE SUPPLY | ||
| 650 | _aAVAILABILITY | ||
| 650 | _aWEST END OF LONDON | ||
| 650 | _aMIDTOWN | ||
| 650 | _aCITY OF LONDON | ||
| 690 | _aPROPERTY-COMMERCIAL PROPERTY | ||
| 942 | _n0 | ||
| 999 |
_c72851 _d72851 |
||